Chelsea FC Managers - Statistics

General Stats
  • This quiz has been taken 1,901 times
  • The average score is 8 of 16
Answer Stats
Hint Answer % Correct
2004-2007 Jose Mourinho
94%
2012 Di Matteo
83%
2009-2011 Carlo Ancelotti
78%
2011-2012 Andre Villas-Boas
73%
2009 Guus Hiddink
67%
2000-2004 Claudio Ranieri
64%
2007-2008 Avram Grant
63%
2008-2009 Fillipe Scolari
58%
1996-1998 Ruud Gullit
50%
1998-2000 Gianluca Vialli
44%
1993-1996 Glenn Hoddle
34%
1993 David Webb
10%
1991-1993 Ian Porterfield
10%
1985-1988 John Hollins
10%
2000 Graham Rix
8%
1988-1991 Bobby Campbell
7%
No matching quizzes found
Score Distribution
Percent of People with Each Score
Percentile by Number Answered
Your Score History
You have not taken this quiz